Normal view
MARC view
- Akmal Hamdy Baharudin
Entry Personal Name
001 - CONTROL NUMBER
- control field: 9280
003 - CONTROL NUMBER IDENTIFIER
- control field: OSt
005 - DATE AND TIME OF LATEST TRANSACTION
- control field: 20210820103523.0
008 - FIXED-LENGTH DATA ELEMENTS
- fixed length control field: 210820|| aca||aabn | a|a d
040 ## - CATALOGING SOURCE
- Original cataloging agency: OSt
- Transcribing agency: OSt
100 ## - HEADING--PERSONAL NAME
- Personal name: Akmal Hamdy Baharudin
670 ## - SOURCE DATA FOUND
- Source citation: Work cat.: (OSt): Mohd. Sophian Zakaria, 9274, KESALAHAN MEDIA SOSIAL :

PORTAL AKMAL
E-MEL JKDM
AKMAL2U
G-BAM
u-PUSTAKA